000 00398nam a2200157Ia 4500
008 221030s9999 xx 000 0 und d
020 _a818501583X
041 _aEnglish
082 _a105.23
_bFey
100 _aR. P. Feynman
245 4 _aThe Feynman Lectures on Physics Vol. II
_cby R. P. Feynman
260 _bNarosa Pub.
_aNew Delhi
_c1998
300 _a1396
650 _aPhysics
942 _cBK
999 _c5098
_d5098